00740nam a2200181 4500001000700000003000900007005001700016007000300033008004100036100003000077245009800107260008300205300002600288710007100314852003200385999001900417952012200436137079ES-MaACL20230906195315.0t|070214s1972 sp r ||||1| spa d1 aSalvador, Emilia.910206913aLa economía valenciana en el siglo XVI b: (comercio de importación) / cEmilia Salvador. aValencia : bUniversidad de Valencia. Departamento de Historia Moderna,c1972. aVI, 408 p. ; c22 cm.2 aUniversidad de Valencia. bDepartamento de Historia Moderna.97321 aES-MaACLjC-43731 bR.82144 c137079d137079 00104070aATENEOMbATENEOMcDEPO2d2008-01-17eSCl0oC-43731p1142653r2023-02-23 00:00:00w2023-02-23yMONOGRAFIA